00582nam a22001577a 4500003000400000008004100004020001800045082001800063100002600081245005500107260005000162300001300212942001200225999001700237952017000254OSt240827b |||||||| |||| 00| 0 eng d a9788173056482 a320.5409bCHN aCHAKRABARTI, Dilip K. aNationalism in the study of ancient Indian history aNew Delhi:bAryan Books International,c2021. axv,398p. 2ddccBK c12829d12829 00102ddc40708IKSaPIETbPIETd2024-08-27eZafaa Books and DistributorsfINRg995.00kZBD0134l0o320.5409 CHNp38411r2024-08-27 00:00:00v746.25w2024-08-27yBK